LEADER 00666nam a2200181 i 4500 001 000000018473 003 CaOOAMICUS 005 20180830125444.0 008 180830s1913 it u000 u ita u 040 $aSeMil$bita 245 10$aProse /$ca cura di Egidio Bellorini. 300 $a2 v. 700 1 $aBellorini, Egidio.$0(OLS)http://semarc/name/1221 700 1 $aParini, Giuseppe,$d<1729-1799>.$0(OLS)http://semarc/name/1284 773 0 $aParini, Giuseppe <1729-1799>$tOpere.$dBari : Laterza & Figli, 192[?]$w()18463 774 0 $tVolume primo.$kScrittori d'Italia$w()75342 774 0 $tVol. 2.$kScrittori d'Italia$w()164842 996 $6245$aProse$9(OLS)http://semarc/title/23990 LEADER 01347nam a2200217 i 4500 001 000000186316 003 CaOOAMICUS 005 20100224000000.0 008 100224s1928 fr u000 u fre u 013 $a164363 040 $aSeMil$bita 100 1 $aIzoulet, Jean <1854-1929>.$0(OLS)http://semarc/name/10261 245 13$aLa métamorphose de l'Église ou la sociologie, fille du décalogue au Collège de France :$bLes quatre bases scientifiques de l'idée laïque : Moïse et Aristote, pères du laïcisme ; Copernic et Claude Bernard, pères du panthéisme, ce super-laïcisme /$cJean Izoulet. 260 $aParis :$bAlbin Michel,$c1928. 300 $a141 p. ;$c23 cm. 650 4$aFrancia - Religione.$0(OLS)http://semarc/subject/3569 773 0 $aIzoulet, Jean <1854-1929>$tOeuvres.$dParis : Félix Alcan : Fayard : Albin Michél, 1895.$g5$w()22998 850 $aSeMil 852 $aSeMil$W1$xVenegono$y1$m2X II 156$j137003$B137003$CSeMilBibl$Z2$F148553 $81 996 $6245$aLa métamorphose de l'Église ou la sociologie, fille du décalogue au Collège de France :$bLes quatre bases scientifiques de l'idée laïque : Moïse et Aristote, pères du laïcisme ; Copernic et Claude Bernard, pères du panthéisme, ce super-laïcisme$9(OLS)http://semarc/title/267815 996 $6260$aParis :$bAlbin Michel$9(OLS)http://semarc/publisher/32166